00781nam a2200205Ia 4500003000900000008004100009040001600050080002300066110003700089245013600126260003900262300002300301650004100324650003600365650003400401650001900435942000700454999001500461952009900476IN-BaIIA211028s9999 xx 000 0 eng d cIIA Library a539.12(082.1)bPHY aPhysical Society of London92181 0aFundamental pticles and low temperaturebvol. I, fundamental pt.iclescThe Physical Society  aLondonbThe Physical Societyc1947 a[various pagings.] aElementary pticle interactions92484 aElementary pticle physics92485 aLow temperature physics92486 aNASA Thesaurus cBK c1185d1185 00104070aBANbBANcGENd0000-00-00l0o539.12(082.1)/ PHYp1250r2021-11-05w0000-00-00yBK